|
|
|
|
| LEADER |
00000cas a2200000 a 4500 |
| 001 |
vtls008411830 |
| 003 |
SK-MaSNL |
| 005 |
20260312124904.0 |
| 008 |
150724c20049999xo mr|pe 0 b0slo |
| 022 |
|
|
|a 1336-5568
|
| 035 |
|
|
|a (SVKBB03)vtls000146923
|
| 040 |
|
|
|a SVKPO
|b slo
|c SVKPO
|d SAVUK
|d SNK
|e AACR2
|
| 041 |
0 |
|
|a slo
|
| 044 |
|
|
|a xo
|c SK
|
| 072 |
|
7 |
|a 639.1
|x Poľovníctvo
|2 konspekt
|
| 080 |
|
|
|a 639.1
|2 2011
|
| 080 |
|
|
|a 050
|2 2011
|
| 080 |
|
|
|a (051)-048.55
|2 2011
|
| 210 |
0 |
|
|a Naše poľovn.
|
| 222 |
|
0 |
|a Naše poľovníctvo
|
| 245 |
0 |
0 |
|a Naše poľovníctvo
|b časopis pre poľovníkov, ochrancov a milovníkov prírody
|
| 260 |
|
|
|a Bratislava
|b Polpress, s.r.o.
|c 2004-
|
| 300 |
|
|
|a zv.
|c 30 cm
|
| 310 |
|
|
|a 1x mesačne
|
| 362 |
0 |
|
|a Roč. 1, č. 12 (2004)-
|
| 500 |
|
|
|a Šéfred.: 2004- , Júlia Drienovská
|
| 500 |
|
|
|a Reg. číslo: MK SR 3225/2004
|
| 500 |
|
|
|a Podnázov v tiráži: mesačník pre poľovníkov, ochrancov a milovníkov prírody
|
| 500 |
|
|
|a Evidenčné číslo: EV 1781/08
|
| 650 |
0 |
7 |
|a poľovníctvo
|2 SNKPH
|9 2774
|
| 655 |
|
7 |
|a špecializované časopisy
|2 SNKPH
|9 70509
|
| 700 |
1 |
|
|a Drienovská, Júlia
|4 pbd
|9 267656
|
| 856 |
4 |
1 |
|u http://www.nasepolovnictvo.sk/
|
| 910 |
|
|
|a snk
|
| 910 |
|
|
|a savuk
|
| 910 |
|
|
|a svkpo
|
| 999 |
|
|
|c 3969
|d 5899
|
| 952 |
|
|
|t č. 1-12
|a SNK
|b SNK
|y PREZ
|7 0
|p 17A1145472
|o snkČSB 5799/10/2013
|i snk2015/21745
|8 0
|f 1
|0 0
|1 0
|4 0
|d 2015-07-15
|l 0
|r 2026-02-21 19:35:32
|w 2026-02-21
|
| 952 |
|
|
|t č. 1-12
|a SNK
|b SNK
|y PREZ
|7 0
|p 17A1145471
|o snkČSB 5799/10/2013 D1
|i snk2015/21751
|8 0
|0 0
|1 0
|4 0
|d 2015-07-15
|l 0
|r 2026-02-21 19:35:32
|w 2026-02-21
|
| 952 |
|
|
|t č. 1-12
|a SNK
|b SNK
|y PREZ
|7 0
|p 17A1145470
|o snkČSB 5799/11/2014
|i snk2015/21756
|8 0
|0 0
|1 0
|4 0
|d 2015-07-15
|l 0
|r 2026-02-21 19:35:32
|w 2026-02-21
|
| 952 |
|
|
|t č. 1-12
|a SNK
|b SNK
|y PREZ
|7 0
|p 17A1145469
|o snkČSB 5799/11/2014 D1
|i snk2015/21758
|8 0
|0 0
|1 0
|4 0
|d 2015-07-15
|l 0
|r 2026-02-21 19:35:32
|w 2026-02-21
|
| 952 |
|
|
|t č. 1-12, neúplné
|a SNK
|b SNK
|y PREZ
|7 0
|p 17A1522651
|o snkČSB 5799/18/2021 D1
|i snk2024/2801
|8 3
|z Chýba č. 1
|0 0
|1 0
|4 0
|d 2024-02-19
|l 0
|r 2026-02-21 19:49:48
|w 2026-02-21
|
| 952 |
|
|
|t č. 1-12
|a SNK
|b SNK
|y PREZ
|7 0
|p 17A1522652
|o snkČSB 5799/20/2023
|i snk2024/2803
|8 0
|0 0
|1 0
|4 0
|d 2024-02-19
|l 0
|r 2026-02-21 19:49:48
|w 2026-02-21
|
| 952 |
|
|
|t č. 1-12
|a SNK
|b SNK
|y PREZ
|7 0
|p 17A1523868
|o snkČSB 5799/19/2022 D1
|i snk2024/12390
|8 3
|0 0
|1 0
|4 0
|d 2024-08-02
|l 0
|r 2026-02-21 19:50:36
|w 2026-02-21
|
| 952 |
|
|
|t č. 1-12
|a SNK
|b SNK
|y PREZ
|7 0
|p 17A1523869
|o snkČSB 5799/20/2023 D1
|i snk2024/12391
|8 3
|0 0
|1 0
|4 0
|d 2024-08-02
|l 0
|r 2026-02-21 19:50:36
|w 2026-02-21
|
| 952 |
|
|
|t č. 1-12, neúplné
|a SNK
|b SNK
|y PREZ
|7 0
|p 17A1465860
|o snkČSB 5799/17/2020 D1
|i snk2023/5722
|8 0
|z Chýba č. 10-12
|0 0
|1 0
|4 0
|d 2023-04-06
|l 0
|r 2026-02-21 20:04:04
|w 2026-02-21
|
| 952 |
|
|
|t č. 1-12
|a SNK
|b SNK
|y PREZ
|7 0
|p 17A1268704
|o snkČSB 5799/13/2016 D1
|i snk2018/8059
|8 0
|0 0
|1 0
|4 0
|d 2018-04-09
|l 0
|r 2026-02-21 20:19:01
|w 2026-02-21
|
| 952 |
|
|
|t č. 1-12
|a SNK
|b SNK
|y PREZ
|7 0
|p 17A0870808
|o snkČSB 5799/9/2012 D1
|i snk2014/27748
|8 0
|0 0
|1 0
|4 0
|d 2014-12-12
|l 0
|r 2026-02-21 20:42:32
|w 2026-02-21
|
| 952 |
|
|
|t č. 1-12
|a SNK
|b SNK
|y PREZ
|7 0
|p 17A1204239
|o snkČSB 5799/13/2016
|i snk2017/189
|8 0
|0 0
|1 0
|4 0
|d 2017-01-04
|l 0
|r 2026-02-21 20:43:03
|w 2026-02-21
|
| 952 |
|
|
|t č. 1-12
|a SNK
|b SNK
|y PREZ
|7 0
|p 17A0697735
|o snkČSB 5799/4/2007
|i snk2013/17522
|8 0
|0 0
|1 0
|4 0
|d 2013-07-25
|l 0
|r 2026-02-21 21:02:47
|w 2026-02-21
|
| 952 |
|
|
|t č. 1-12
|a SNK
|b SNK
|y PREZ
|7 0
|p 17A0697736
|o snkČSB 5799/4/2007 D1
|i snk2013/17524
|8 0
|0 0
|1 0
|4 0
|d 2013-07-25
|l 0
|r 2026-02-21 21:02:47
|w 2026-02-21
|
| 952 |
|
|
|t č. 1-12
|a SNK
|b SNK
|y PREZ
|7 0
|p 17A0697737
|o snkČSB 5799/5/2008
|i snk2013/17526
|8 0
|0 0
|1 0
|4 0
|d 2013-07-25
|l 0
|r 2026-02-21 21:02:47
|w 2026-02-21
|
| 952 |
|
|
|t č. 1-12
|a SNK
|b SNK
|y PREZ
|7 0
|p 17A0697738
|o snkČSB 5799/5/2008 D1
|i snk2013/17527
|8 0
|0 0
|1 0
|4 0
|d 2013-07-25
|l 0
|r 2026-02-21 21:02:47
|w 2026-02-21
|
| 952 |
|
|
|t č. 1-12
|a SNK
|b SNK
|y PREZ
|7 0
|p 17A0697739
|o snkČSB 5799/6/2009
|i snk2013/17528
|8 0
|0 0
|1 0
|4 0
|d 2013-07-25
|l 0
|r 2026-02-21 21:02:47
|w 2026-02-21
|
| 952 |
|
|
|t č. 1-12
|a SNK
|b SNK
|y PREZ
|7 0
|p 17A0697740
|o snkČSB 5799/6/2009 D1
|i snk2013/17529
|8 0
|0 0
|1 0
|4 0
|d 2013-07-25
|l 0
|r 2026-02-21 21:02:47
|w 2026-02-21
|
| 952 |
|
|
|t č. 1-12
|a SNK
|b SNK
|y PREZ
|7 0
|p 17A0697741
|o snkČSB 5799/7/2010
|i snk2013/17530
|8 0
|0 0
|1 0
|4 0
|d 2013-07-25
|l 0
|r 2026-02-21 21:02:48
|w 2026-02-21
|
| 952 |
|
|
|t č. 1-12
|a SNK
|b SNK
|y PREZ
|7 0
|p 17A0697742
|o snkČSB 5799/7/2010 D1
|i snk2013/17531
|8 0
|0 0
|1 0
|4 0
|d 2013-07-25
|l 0
|r 2026-02-21 21:02:48
|w 2026-02-21
|
| 952 |
|
|
|t č. 1-12
|a SNK
|b SNK
|y PREZ
|7 0
|p 17A0697743
|o snkČSB 5799/8/2011
|i snk2013/17532
|8 0
|0 0
|1 0
|4 0
|d 2013-07-25
|l 0
|r 2026-02-21 21:02:48
|w 2026-02-21
|
| 952 |
|
|
|t č. 1-12
|a SNK
|b SNK
|y PREZ
|7 0
|p 17A0697744
|o snkČSB 5799/8/2011 D1
|i snk2013/17533
|8 0
|0 0
|1 0
|4 0
|d 2013-07-25
|l 0
|r 2026-02-21 21:02:48
|w 2026-02-21
|
| 952 |
|
|
|t č. 1-12
|a SNK
|b SNK
|y PREZ
|7 0
|p 17A0697745
|o snkČSB 5799/9/2012
|i snk2013/17534
|8 0
|0 0
|1 0
|4 0
|d 2013-07-25
|l 0
|r 2026-02-21 21:02:48
|w 2026-02-21
|
| 952 |
|
|
|t č. 12
|a SNK
|b SNK
|y PREZ
|7 0
|p 17A0697729
|o snkČSB 5799/1/2004
|i snk2013/17427
|8 0
|0 0
|1 0
|4 0
|d 2013-07-24
|l 0
|r 2026-02-21 21:13:24
|w 2026-02-21
|
| 952 |
|
|
|t č. 12
|a SNK
|b SNK
|y PREZ
|7 0
|p 17A0697730
|o snkČSB 5799/1/2004 D1
|i snk2013/17428
|8 0
|0 0
|1 0
|4 0
|d 2013-07-24
|l 0
|r 2026-02-21 21:13:24
|w 2026-02-21
|
| 952 |
|
|
|t č. 1-12
|a SNK
|b SNK
|y PREZ
|7 0
|p 17A0697731
|o snkČSB 5799/2/2005
|i snk2013/17434
|8 0
|0 0
|1 0
|4 0
|d 2013-07-24
|l 0
|r 2026-02-21 21:13:24
|w 2026-02-21
|
| 952 |
|
|
|t č. 1-12
|a SNK
|b SNK
|y PREZ
|7 0
|p 17A0697732
|o snkČSB 5799/2/2005 D1
|i snk2013/17435
|8 0
|f 1
|0 0
|1 0
|4 0
|d 2013-07-24
|l 0
|r 2026-02-21 21:13:24
|w 2026-02-21
|
| 952 |
|
|
|t č. 1-12
|a SNK
|b SNK
|y PREZ
|7 0
|p 17A0697733
|o snkČSB 5799/3/2006
|i snk2013/17440
|8 0
|0 0
|1 0
|4 0
|d 2013-07-24
|l 0
|r 2026-02-21 21:13:24
|w 2026-02-21
|
| 952 |
|
|
|t č. 1-12
|a SNK
|b SNK
|y PREZ
|7 0
|p 17A0697734
|o snkČSB 5799/3/2006 D1
|i snk2013/17441
|8 0
|0 0
|1 0
|4 0
|d 2013-07-24
|l 0
|r 2026-02-21 21:13:25
|w 2026-02-21
|
| 952 |
|
|
|t č. 1-12
|a SNK
|b SNK
|y PREZ
|7 0
|p 17A1466085
|o snkČSB 5799/18/2021
|i snk2023/5840
|8 0
|0 0
|1 0
|4 0
|d 2023-04-12
|l 0
|r 2026-02-21 21:20:38
|w 2026-02-21
|
| 952 |
|
|
|t č. 1-12
|a SNK
|b SNK
|y PREZ
|7 0
|p 17A1466086
|o snkČSB 5799/19/2022
|i snk2023/5848
|8 0
|0 0
|1 0
|4 0
|d 2023-04-12
|l 0
|r 2026-02-21 21:20:49
|w 2026-02-21
|
| 952 |
|
|
|t č. 1-12
|a SNK
|b SNK
|y PREZ
|7 0
|p 17A1435412
|o snkČSB 5799/15/2018 D1
|i snk2021/9777
|8 0
|0 0
|1 0
|4 0
|d 2021-08-05
|l 0
|r 2026-02-21 21:40:09
|w 2026-02-21
|
| 952 |
|
|
|t č. 1-12
|a SNK
|b SNK
|y PREZ
|7 0
|p 17A1435413
|o snkČSB 5799/17/2020
|i snk2021/9780
|8 0
|0 0
|1 0
|4 0
|d 2021-08-05
|l 0
|r 2026-02-21 21:40:09
|w 2026-02-21
|
| 952 |
|
|
|t č. 1-12
|a SNK
|b SNK
|y PREZ
|7 0
|p 17A1435414
|o snkČSB 5799/16/2019 D1
|i snk2021/9782
|8 0
|0 0
|1 0
|4 0
|d 2021-08-05
|l 0
|r 2026-02-21 21:40:09
|w 2026-02-21
|
| 952 |
|
|
|t č. 1-12
|a SNK
|b SNK
|y PREZ
|7 0
|p 17A1204240
|o snkČSB 5799/12/2015 D1
|i snk2017/185
|8 0
|0 0
|1 0
|4 0
|d 2017-01-04
|l 0
|r 2026-02-21 21:48:05
|w 2026-02-21
|
| 952 |
|
|
|t č. 1-12
|a SNK
|b SNK
|y PREZ
|7 0
|p 17A1268705
|o snkČSB 5799/14/2017
|i snk2018/8060
|8 0
|f 1
|0 0
|1 0
|4 0
|d 2018-04-09
|l 0
|r 2026-02-21 21:57:00
|w 2026-02-21
|
| 952 |
|
|
|t č. 1-12
|a SNK
|b SNK
|y PREZ
|7 0
|p 17A1431116
|o snkČSB 5799/16/2019
|i snk2020/12238
|8 0
|0 0
|1 0
|4 0
|d 2020-07-08
|l 0
|r 2026-02-21 22:02:04
|w 2026-02-21
|
| 952 |
|
|
|t č. 1-12
|a SNK
|b SNK
|y PREZ
|7 0
|p 17A1367548
|o snkČSB 5799/14/2017 D1
|i snk2019/14502
|8 0
|0 0
|1 0
|4 0
|d 2019-05-27
|l 0
|r 2026-02-21 22:07:08
|w 2026-02-21
|
| 952 |
|
|
|t č. 1-12
|a SNK
|b SNK
|y PREZ
|7 0
|p 17A1367549
|o snkČSB 5799/15/2018
|i snk2019/14504
|8 0
|0 0
|1 0
|4 0
|d 2019-05-27
|l 0
|r 2026-02-21 22:07:08
|w 2026-02-21
|
| 952 |
|
|
|t č. 1-12
|a SNK
|b SNK
|y PREZ
|7 0
|p 17A1204241
|o snkČSB 5799/12/2015
|i snk2017/2971
|8 0
|0 0
|1 0
|4 0
|d 2017-01-04
|l 0
|r 2026-02-21 22:17:02
|w 2026-02-21
|